Score 0/39 Timer 01:30
0 Plays Today
Hint Answer % Correct
1
100%
7
99.3%
4
99%
11
97.6%
14
96.9%
17
96.2%
77
94.2%
44
93.8%
111
93.5%
41
92.5%
74
92.5%
47
91.8%
71
91.8%
147
88.4%
117
87.7%
114
87.3%
444
86.6%
141
84.9%
144
84.9%
174
83.6%
Hint Answer % Correct
177
83.2%
777
81.5%
417
81.2%
171
80.8%
411
79.1%
414
78.4%
441
78.4%
447
77.7%
471
76.7%
741
74.7%
714
74.3%
477
73.3%
717
73.3%
474
72.9%
711
72.6%
747
72.6%
744
70.9%
771
68.5%
774
66.8%
Remove Ads.
Support Sporcle.
Get the best of Sporcle when you Go Orange. This ad-free experience offers more features, more stats, and more fun while also helping to support Sporcle. Thank you for becoming a member.

You're not logged in!

Compare scores with friends on all Sporcle quizzes.
OR
Log In

Show Comments

Extras

Top Quizzes Today


Score Distribution

Your Account Isn't Verified!

In order to create a playlist on Sporcle, you need to verify the email address you used during registration. Go to your Sporcle Settings to finish the process.

Report this User

Report this user for behavior that violates our Community Guidelines.

Details: